| 000 | 00385nam a2200169Ia 4500 | ||
|---|---|---|---|
| 005 | 20251020182524.0 | ||
| 008 | 200515s9999 xx 000 0 und d | ||
| 082 | _a691.328/A47 | ||
| 245 | 0 | _aIntroducción al concreto pres forzado | |
| 260 | _aMéxico DF. | ||
| 260 | _c1979 | ||
| 300 | _aALLEN, A. | ||
| 500 | _a1 ejemplar | ||
| 650 | _aCONCRETO | ||
| 650 | _aLIB | ||
| 942 | _cLIB | ||
| 999 |
_c1852 _d1852 |
||